| 000 | 01004nmm a2200289 a 4500 | ||
|---|---|---|---|
| 001 | ocm000940767 | ||
| 003 | TR-IsHL | ||
| 005 | 20201028145905.0 | ||
| 008 | 150110s2014 tu tur | ||
| 007 | cr cn | ||
| 020 | _a9786058535312 | ||
| 035 |
_a940767 _b(N$T) |
||
| 050 | 0 | 4 |
_aDR592.K4 _bK89 2014 |
| 090 | 0 | 4 |
_aDR592.K4 _bK89 2014 |
| 100 | 1 | _aKuzu, Ali | |
| 245 | 1 | 0 |
_aKurtuluş Savaşı'nda Atatürk ve din adamları _h[electronic resource] / _cAli Kuzu |
| 260 |
_aİstanbul : _bParola Yayınları, _c2014 |
||
| 300 | _a177 p. | ||
| 650 | 4 | _aTarih | |
| 650 | 4 | _aHistory | |
| 650 | 0 |
_aİslam ve devlet _x Türkiye _x 20. yüzyıl |
|
| 650 | 0 |
_aAtatürk, Mustafa Kemal, 1881-1938 _x Religion |
|
| 650 | 0 |
_aAtatürk, Mustafa Kemal, 1881-1938 _x Din |
|
| 650 | 0 |
_aIslam and state _x Turkey _x 20th century |
|
| 650 | 7 |
_aHISTORY / Middle East / Turkey & Ottoman Empire _2bisacsh |
|
| 856 | 4 | 0 | _uhttp://search.ebscohost.com/login.aspx?direct=true&scope=site&db=e011xww&AN=940767 |
| 999 |
_c10187 _d10187 |
||